TV Guide Covers (1970) Quiz Stats

 Plays Quiz Updated Sep 15, 2015

Challenge
Share
Tweet
Score 0/25 Timer 10:00
3 Plays Today
% Correct
The Brady Bunch
98.6%
The Beverly Hillbillies
92%
The Mary Tyler Moore Show
90.9%
The Partridge Family
90.7%
Bewitched
90.4%
The Tonight Show starring Johnny Carson
84.2%
The Carol Burnett Show
80.1%
Hee Haw
76.4%
Gunsmoke
73.7%
Rowan and Martin's Laugh-In
66.2%
The Mod Squad
62.2%
Ironside
59.2%
The Glen Campbell Goodtime Hour
57.8%
% Correct
That Girl
57.8%
My Three Sons
57.2%
The Red Skelton Hour
55.9%
Green Acres
52.3%
The Courtship of Eddie's Father
51.6%
Mannix
46.9%
This Is Tom Jones
43%
Room 222
36.2%
The Debbie Reynolds Show
32.6%
Julia
30.3%
Medical Center
24.7%
Arnie
10.3%

You're not logged in!

Compare scores with friends on all Sporcle quizzes.
Join for Free
OR
Log In

You Might Also Like...

Show Comments

Extras

Top Quizzes Today


Score Distribution

Your Account Isn't Verified!

In order to create a playlist on Sporcle, you need to verify the email address you used during registration. Go to your Sporcle Settings to finish the process.

Report this User

Report this user for behavior that violates our Community Guidelines.

Details: